000 01722cam a22002054a 4500
005 20250605164121.0
008 250528s ||||||||||||||||||||||||d
035 _a18269
020 _a155798378
040 _aGR-AtMCL
_bgre
_dGR-AtMCL
_eAACR2
245 1 _aHealth Psychology Through the Life Span / Practice and Research Opportunities
260 _bΕκδοτικό Κέντρο Βόρειας Ελλάδας,
_c1996
300 _a470
520 _aThis book explores a vast array of critical services that health psychologists can provide in both the practice and research arenas. Foreword, Acknowledgements, Introduction, Overview, Psychology as a Health Care Profession: Its Evolution, The New Structure of Health Care and a Role for Psychology, A Life-Course Perspective on Physical and Psychological Health, Psychologists in Primary Care Settings, Psychologists as Primary Care Practitioners, Psychologists and Pediatricians in Collaborative Practice, Catching Depression in Primary Care Physicians' Offices, Helping Physicians Make Useful Recommendations about Losing Weight, Psychologists in Tertiary Care Settings, Establishing a Role for Psychology in Respiratory Medicine, Health Psychology and the Field of Urology, Touch Therapies for Pain Management and Stress Reduction, Psychologists in Disease Prevention and Health Promotion, African American Women and Their Families and HIV/ AIDS, Revolution in Health Promotion: Smoking Cessation as a Case Study, Reducing College Student Binge Drinking: A Harm-Reduction Approach, Psychologists as Health Care Providers, Index.
700 1 _aResnick Robert J
_92557
700 1 _aRozensky Ronald H
_94547
942 _cBK
999 _c3638
_d3638